|
|
|
|
| LEADER |
01210nam a2200325 a 4500 |
| 001 |
35385 |
| 003 |
BD-DhAAL |
| 005 |
20211129143305.0 |
| 008 |
190911t2006 cau b 000 0 eng |
| 999 |
|
|
|c 41184
|d 41184
|
| 010 |
|
|
|a 2005929029
|
| 020 |
|
|
|a 1412907160 (cloth)
|
| 020 |
|
|
|a 1412907179 (paper)
|
| 020 |
|
|
|a 9781412907170
|
| 040 |
|
|
|a DLC
|c DLC
|d DLC
|d BD-DhAAL
|
| 050 |
0 |
0 |
|a LB1139.23
|b .N88 2006
|
| 082 |
0 |
0 |
|a 372.21
|2 22
|
| 100 |
1 |
|
|a Nutbrown, Cathy.
|9 34344
|
| 245 |
1 |
0 |
|a Key concepts in early childhood education & care /
|c Cathy Nutbrown.
|
| 260 |
|
|
|a Thousand Oaks, CA :
|b SAGE Publications,
|c 2006.
|
| 300 |
|
|
|a xiii, 162 pages ;
|c 20 cm.
|
| 490 |
0 |
|
|a SAGE key concepts
|
| 504 |
|
|
|a Includes bibliographical references (p. 160-161).
|
| 526 |
|
|
|a BIED
|
| 541 |
|
|
|a Complimentary copy from BIED
|e 35385
|
| 650 |
|
0 |
|a Early childhood education.
|9 34345
|
| 650 |
|
0 |
|a Child care
|x Education
|9 34346
|
| 852 |
|
|
|a Ayesha Abed Library
|c BIED Collection
|
| 942 |
|
|
|2 ddc
|c BK
|
| 952 |
|
|
|0 0
|1 0
|2 ddc
|4 0
|6 372_210000000000000_NUT
|7 0
|9 66216
|a BRACUL
|b BRACUL
|c GEN
|d 2019-09-11
|e Complimentary copy from BIED
|l 0
|o 372.21 NUT
|p 3010035385
|r 2019-09-11
|t 1
|w 2019-09-11
|y BK
|x Transferred from BIED to General Stacks
|